|
|
|
|
| LEADER |
01266nam a2200241 a 4500 |
| 001 |
00023644 |
| 008 |
111003s2010 nyua 001 0 eng d |
| 020 |
|
|
|a 9780195698374
|
| 020 |
|
|
|a 0195698371
|
| 040 |
|
|
|a BD-DhAAL
|c BD-DhAAL
|
| 082 |
0 |
0 |
|a 658.32
|2 22
|
| 100 |
1 |
|
|a Bhattacharyya, Dipak Kumar
|
| 245 |
1 |
0 |
|a Compensation management /
|c Dipak Kumar Bhattacharyya
|
| 260 |
|
|
|a New York ;
|a New Delhi :
|b Oxford University Press,
|c 2009 [Third impression 2010]
|
| 300 |
|
|
|a xv, 448 p. :
|b ill. ;
|c 24 cm.
|
| 504 |
|
|
|a Includes bibliographical references and index.
|
| 541 |
1 |
|
|e 00023644
|
| 650 |
|
0 |
|a Compensation management
|
| 852 |
4 |
|
|a Ayesha Abed Library
|c General shelf
|
| 999 |
|
|
|c 11290
|d 11290
|
| 952 |
|
|
|0 0
|1 0
|4 0
|6 658_320000000000000_BHA
|7 0
|9 18307
|a BRACUL
|b BRACUL
|c GEN
|d 2011-10-03
|e Book Web
|g 552.50
|l 5
|m 11
|o 658.32 BHA
|p 3010023644
|r 2017-04-12
|s 2017-03-22
|t 1
|w 2011-10-03
|y BK
|x Available
|
| 952 |
|
|
|0 0
|1 0
|4 0
|6 658_320000000000000_BHA
|7 0
|9 18308
|a BRACUL
|b BRACUL
|c GEN
|d 2011-10-03
|e Book Web
|g 552.50
|l 2
|m 10
|o 658.32 BHA
|p 3010023645
|r 2015-08-06
|s 2015-05-09
|t 2
|w 2011-10-03
|y BK
|x Available
|
| 952 |
|
|
|0 0
|1 0
|4 0
|6 658_320000000000000_BHA
|7 0
|9 18309
|a BRACUL
|b BRACUL
|c GEN
|d 2011-10-03
|e Book Web
|g 552.50
|l 10
|m 30
|o 658.32 BHA
|p 3010023646
|r 2026-03-30
|s 2026-02-18
|t 3
|w 2011-10-03
|y BK
|x Available
|